Le odi: libro II
Salvato in:
| Autore principale: | |
|---|---|
| Natura: | Libro |
| Lingua: | italiano latino |
| Pubblicazione: |
Barresi
1954
|
| Edizione: | 2a. ed |
| Serie: | Collezione di Versioni di Classici Latini, 14
|
| Soggetti: | |
| Tags: |
Aggiungi Tag
Nessun Tag, puoi essere il primo ad aggiungerne!!
|
MARC
| LEADER | 00000nam a2200000 a 4500 | ||
|---|---|---|---|
| 001 | UCZ3386 | ||
| 003 | CL-VaPUC | ||
| 008 | 951020e19540000IT |||||||||||||||||ita|d | ||
| 041 | 0 | 7 | |a ita |2 CL-VaPUC |
| 041 | 0 | 7 | |a lat |2 CL-VaPUC |
| 082 | 0 | 4 | |a 871 |b HOR |2 21 |
| 100 | |a Horacio |e author |9 267078 | ||
| 245 | 1 | 3 | |a Le odi: libro II |
| 250 | |a 2a. ed | ||
| 300 | |a 63 p | ||
| 942 | |c BK | ||
| 945 | |d 19951020 00:00:00 |a cmena | ||
| 260 | |b Barresi |c 1954 | ||
| 650 | 7 | |a POESIAS LATINAS |2 CL-VaPUC |9 347169 | |
| 650 | 0 | |a Literatura latina |9 258055 | |
| 583 | |a last modification |c 20150106 06:47:46 |k Rodrigo Vera | ||
| 490 | 0 | |a Collezione di Versioni di Classici Latini, 14 | |
| 999 | |c 239867 |d 239865 | ||
| 952 | |0 0 |1 0 |4 0 |6 871_000000000000000_HOR_1954 |7 0 |8 P |9 251315 |a BIBEDU |b BIBEDU |c BIBEDU_PB |d 2019-11-18 |i 1587145 |o 871 HOR 1954 |p 1587145 |r 2024-01-25 |w 2019-11-18 |y BK |k FIL | ||